| 000 | 01123namaa2200241 i 4500 | ||
|---|---|---|---|
| 001 | 174221 | ||
| 003 | ES-MaACL | ||
| 005 | 20250815105704.0 | ||
| 008 | 100303s1914 sp | |||| ||spa d | ||
| 080 | _a595.772(460) | ||
| 080 | _a595.772(6) | ||
| 100 | 1 |
_aArias Encobet, José. _922780 |
|
| 245 | 1 | 0 |
_aDípteros de España _b: fam. Mydaidae, con descripción de algunas especies del Norte de Africa / _cpor J. Arias. |
| 260 |
_aMadrid : _bJunta para Ampliación de Estudios e Investigaciones Científicas : _bInstituto Nacional de Ciencias Físico-Naturales, _c1914 ( _fImp. Clásica Española) |
||
| 300 |
_a40 p., VI h. de lám. ; _c23 cm. |
||
| 490 | 1 |
_aTrabajos del Museo Nacional de Ciencias Naturales. Serie zoológica ; _v15 |
|
| 650 | 4 |
_aDípteros- _zEspaña. _9142319 |
|
| 650 | 4 |
_aDípteros- _zAfrica. _9142322 |
|
| 710 | 2 |
_aJunta para la Ampliación de Estudios e Investigaciones Científicas. _95413 |
|
| 830 | 0 | 0 |
_aTrabajos del Museo Nacional de Ciencias Naturales. _pSerie zoológica _v15 _9189348 |
| 852 |
_aES-MaACL _jB-13148(2) _z.- Encuadernado con otras obras |
||
| 999 |
_c174221 _d174221 |
||